Normal view
MARC view
- Anderson,Henry R / Caldwell,James C / Neebles,Belverd E / Mills,Sherry K
Entry Personal Name
001 - CONTROL NUMBER
- control field: 3337
003 - CONTROL NUMBER IDENTIFIER
- control field: JO-AjAnu
005 - DATE AND TIME OF LATEST TRANSACTION
- control field: 20230606070841.0
008 - FIXED-LENGTH DATA ELEMENTS
- fixed length control field: 230606|| aca||aabn | a|a d
040 ## - CATALOGING SOURCE
- Original cataloging agency: JO-AjAnu
- Transcribing agency: JO-AjAnu
100 ## - HEADING--PERSONAL NAME
- Personal name: Anderson,Henry R / Caldwell,James C / Neebles,Belverd E / Mills,Sherry K
670 ## - SOURCE DATA FOUND
- Source citation: Work cat.: (JO-AjAnu)1744: Anderson,Henry R / Caldwell,James C / Neebles,Belverd E / Mills,Sherry K, author, Managerial Accounting